| 000 | 00573nam a2200193Ia 4500 | ||
|---|---|---|---|
| 005 | 20250508160559.0 | ||
| 008 | 008 250505s9999 xx 000 0 eng d | ||
| 037 | _aTextual | ||
| 040 |
_aFEDL _beng _cFEDL |
||
| 041 |
_aeng _2eng |
||
| 084 |
_a372.402, GAL _qFEDL |
||
| 100 |
_aGallant Ruth _9768835 |
||
| 245 | 0 | _aHandbook in corrective reading : Basic Tasks | |
| 260 |
_aColumbus, USA _bCharles E Merrill Publishing Co _c1970 |
||
| 300 | _a156p | ||
| 490 | _aThe merrills reading series | ||
| 942 |
_cTEXL _h372.402, GAL |
||
| 999 |
_c1365439 _d1365439 |
||